Progress and challenges of deconcentration in Cambodia : (Record no. 21027)

000 -LEADER
fixed length control field 00707cam a22001937i 4500
020 ## - INTERNATIONAL STANDARD BOOK NUMBER
ISBN 9789924500100
040 ## - CATALOGING SOURCE
Transcribing agency DLC
082 ## - DEWEY DECIMAL CLASSIFICATION NUMBER
Classification number 334 DEC 2017 C146 Or.
100 1# - MAIN ENTRY--AUTHOR NAME
Personal name Vong, Mun,
245 10 - TITLE STATEMENT
Title Progress and challenges of deconcentration in Cambodia :
Remainder of title the case of urban solid waste management /
300 ## - PHYSICAL DESCRIPTION
Number of Pages 1 online resource (vi, pages) :
Other physical details PDF.
490 0# - SERIES STATEMENT
Series statement CDRI working paper series ;
500 ## - GENERAL NOTE
General note "December 2016."
650 #0 - SUBJECT ADDED ENTRY--TOPICAL TERM
Topical Term Refuse and refuse disposal
650 #0 - SUBJECT ADDED ENTRY--TOPICAL TERM
Topical Term Decentralization in government
710 2# - ADDED ENTRY--CORPORATE NAME
Corporate name or jurisdiction name as entry element Vidyāsthān Paṇṭuḥ Paṇṭāl niṅ Srāvjrāv ṭoempī Qabhivaḍḍhn ̊Kambujā,
856 40 - ELECTRONIC LOCATION AND ACCESS
Uniform Resource Identifier https://cdri.org.kh/wp-content/uploads/wp110e-1.pdf
942 ## - ADDED ENTRY ELEMENTS (KOHA)
Koha item type ADB
952 ## - LOCATION AND ITEM INFORMATION (KOHA)
Withdrawn status [LOCAL, KOHA] 0
Holdings
Permanent Location Date acquired Koha item type Lost status Shelving location Barcode Current Location Full call number
Library Block C2023-02-03ADB C146a071096Library Block C334 DEC 2017 C146 Or.
មជ្ឈមណ្ឌលឯការនៃសាកលវិទ្យាល័យភូមិន្ទកសិកម្មចំការដូង

Powered by Koha